000 00405cam a22001217a 4500
008 180718b1985 xxu||||| |||| 00| 0 eng d
082 _aA81x54 In2/81/20/PT7
100 _aCensus of India 1981
245 _aTamil Nadu: tables on houses and disabled population
260 _aDelhi
_bThe Controller of Publications
_c1985
300 _a132+p.
440 _aCensus of India 1981. Series-20, Tamil Nadu. Part VII
999 _c483315
_d483315